000
00284nam a22001457a 4500
020
_a
818858276-X
082
_a
894.812
_b
OSH/S
100
_a
OSHO
245
_a
STHREE
260
_a
THRISSUR
_b
GREEN BOOKS
_c
2005
300
_a
168
520
_a
NOVEL
650
_a
NOVEL
942
_c
BK
999
_c
5119
_d
5119